[Event "Maastricht Limburg op-C 5th"]
[Site "Maastricht"]
[Date "2011.06.13"]
[Round "7"]
[White "Roesler, Manfred"]
[Black "Boer, Jan"]
[Result "0-1"]
[WhiteElo "1599"]
[BlackElo "1729"]
[PlyCount "61"]
[EventDate "2011.06.10"]
[EventType "swiss"]
[EventRounds "7"]
[EventCountry "NED"]
[SourceTitle "EXT 2012"]
[Source "ChessBase"]
[SourceDate "2011.11.24"]
[SourceVersion "1"]
[SourceVersionDate "2011.11.24"]
[SourceQuality "1"]

1. d4 d5 2. Nf3 c6 3. e3 Nf6 4. c4 e6 5. cxd5 exd5 6. Nc3 Bb4 7. Bd3 0-0 8. 0-0 Re8 9. Qc2 Nbd7 10. a3 Ba5 11. b4 Bc7 12. Bb2 Nb6 13. Rae1 Nc4 14. Bc1 b5 15. e4 dxe4 16. Nxe4 Nxe4 17. Bxe4 Re6 18. Bxh7+ Kh8 19. Rxe6 Bxe6 20. Be4 Qd6 21. g3 Qd7 22. Ng5 g6 23. Qc3 Bd5 24. Qf3 f5 25. Bxd5 Qxd5 26. Qxd5 cxd5 27. Re1 Bb6 28. Nh3 Rd8 29. Nf4 Rd6 30. Re8+ Kg7 31. Ne2 0-1

[Event "LiSB-ch C"]
[Site "Heerlen"]
[Date "1999.11.27"]
[Round "5"]
[White "Vink, Ron"]
[Black "Roesler, Manfred"]
[Result "1/2-1/2"]
[WhiteElo "1651"]
[BlackElo "1608"]
[PlyCount "105"]
[EventDate "1999.11.20"]
[EventType "swiss"]
[EventRounds "7"]
[EventCountry "NED"]
[SourceTitle "EXT 2002"]
[Source "ChessBase"]
[SourceDate "2001.11.25"]
[SourceVersion "1"]
[SourceVersionDate "2001.11.25"]
[SourceQuality "1"]

1. e4 d6 2. d4 g6 3. Nf3 Bg7 4. Be2 Nf6 5. Nbd2 0-0 6. 0-0 b6 7. Re1 Bb7 8. Bc4 Nbd7 9. c3 a6 10. e5 dxe5 11. Nxe5 Nxe5 12. dxe5 Nd5 13. Nf3 e6 14. Bg5 Qd7 15. Bxd5 Qxd5 16. Qxd5 Bxd5 17. Nd2 h6 18. Bh4 g5 19. Bg3 Rad8 20. Rad1 b5 21. a3 c5 22. h3 c4 23. f3 Bc6 24. Bf2 Rd3 25. Bd4 Rd8 26. Re2 Rd7 27. Rde1 a5 28. Nf1 Bf8 29. Ng3 b4 30. axb4 axb4 31. Nh5 R3xd4 32. cxd4 Rxd4 33. Nf6+ Kg7 34. Ne4 Rd3 35. Rc1 Bxe4 36. Rxe4 c3 37. bxc3 bxc3 38. Rc4 Re3 39. R1xc3 Rxe5 40. Kf2 Rf5 41. Rd3 h5 42. Rc2 g4 43. hxg4 hxg4 44. Kg3 gxf3 45. gxf3 Kf6 46. Rd7 Kg6 47. Rc4 Bg7 48. Rg4+ Kf6 49. Rd8 Ke7 50. Rg8 Be5+ 51. Kg2 Bd6 52. R8g5 Rxg5 53. Rxg5 1/2-1/2

[Event "LiSB-ch C"]
[Site "Heerlen"]
[Date "1999.11.21"]
[Round "2"]
[White "Roesler, Manfred"]
[Black "Leenders, Hans"]
[Result "1-0"]
[WhiteElo "1608"]
[BlackElo "1649"]
[PlyCount "21"]
[EventDate "1999.11.20"]
[EventType "swiss"]
[EventRounds "7"]
[EventCountry "NED"]
[SourceTitle "EXT 2001"]
[Source "ChessBase"]
[SourceDate "2000.11.22"]
[SourceVersion "1"]
[SourceVersionDate "2000.11.22"]
[SourceQuality "1"]

1. e4 e6 2. d4 d5 3. Nc3 Bb4 4. e5 c5 5. a3 Bxc3+ 6. bxc3 c4 7. Qg4 g6 8. Nf3 h6 9. Be2 Nc6 10. 0-0 Nce7 11. a4 1-0